000 00488nam a2200169 a 4500
005 20140412111311.0
008 010430s19uu xx 00 eng d
020 _a4-915831-20-5
050 _aTR(PS E
_bEm72 1991
100 _aHirata, Shogo
245 _aEmperor's new clothes (The) /
_cShogo Hirata.
260 _aTokyo :
_bJoie, Inc,
_c1991.
300 _a1v. (unp.) ; ill.
440 _aIllustrated Fantasy Books for Children, 28
650 _aChildren's stories
999 _c103970
_d103970